Statistics for Survivor 2020 (Türkiye) - Yarışmacılar

Click here to take the quiz!

General Stats

  • This quiz has been taken 878 times
    (866 since last reset)
  • The average score is 15 of 30

Answer Stats

Yarışmacı AdıCinsiyetKaçıncı Olduğu(İlk) TakımıSakatlandı/Diskalifiye/ÇıktıHafta% Correct
Cemal Can CanseverErkek1.-
92%
Nisa BölükbaşıKadın7.19
91%
Barış Murat YağcıErkek2.-
89%
Yasin ObuzErkek3.-
87%
Evrim KeklikKadın8.18
81%
Sercan YıldırımErkek6.20
80%
Mert ÖcalErkek12.14
71%
Berkan KarabulutErkek4.-
69%
Elif Yıldırım GörenKadın5.21
69%
Ersin KorkutErkek13.13
67%
Aycan YanaçKadın11.15
65%
Ardahan UzkanbaşErkek9.17
63%
Yunus Emre ÖzdenErkek10.16
61%
Aşkım Burçe TunayKadın14.12
59%
Gizem BirdanKadın15.11
46%
Burak YurdugörErkek18.7
39%
Ezgi HocaoğluKadın16.10
39%
Derya CanKadın25.ㅤㅤ3
38%
Perviz AbdullayevErkek17.8
36%
Makbule KarabudakKadın30.1
33%
Meryem KasapKadın19.6
31%
Ceyhun UzunErkek20.6
29%
Tuğba Melis TürkKadın27.2
29%
Fatma GünaydınKadın26.ㅤㅤ2
28%
Uğur PektaşErkek29.1
28%
Şaziye İvegin ÜnerKadın28.1
23%
Tayfun ErdoğanErkek21.5
23%
Erman AltıkardeşErkek24.3
22%
İrem AkınKadın23.4
20%
İlayda VelibeyoğluKadın22.4?
17%

Score Distribution

Percentile by Number Answered

Percent of People with Each Score

Your Score History

You have not taken this quiz since the last reset